Loading...
Science - Chemistry | 0 | 4 | 0 | 0 | 40 | 62 | 84.75 | 0 | 0 |
Science - Physics | 0 | 4 | 1 | 0 | 35 | 45 | 59.00 | 0 | 2 |
Mythology | 0 | 4 | 2 | 0 | 30 | 26 | 54.25 | 2 | 3 |
Fine Arts - Classical Music | 0 | 2 | 0 | 0 | 20 | 91 | 114.50 | 0 | 0 |
Science - Biology | 0 | 2 | 0 | 0 | 20 | 77 | 84.00 | 0 | 1 |
Science - Other Science | 0 | 2 | 0 | 0 | 20 | 71 | 79.50 | 0 | 1 |
Literature - British Literature | 0 | 2 | 1 | 0 | 15 | 91 | 93.00 | 0 | 1 |
Philosophy | 0 | 1 | 0 | 0 | 10 | 63 | 63.00 | 1 | 1 |
Fine Arts - Other Fine Arts | 0 | 1 | 0 | 0 | 10 | 112 | 112.00 | 0 | 0 |
Literature - World/Other Literature | 0 | 1 | 0 | 0 | 10 | 122 | 122.00 | 0 | 0 |
Social Science | 0 | 1 | 0 | 0 | 10 | 127 | 127.00 | 0 | 0 |
History - European History | 0 | 1 | 1 | 0 | 5 | 99 | 99.00 | 0 | 1 |
History - Other History | 0 | 2 | 3 | 0 | 5 | 78 | 96.00 | 0 | 0 |
Geography/Current Events | 0 | 0 | 1 | 0 | -5 | 0.00 | 0 | 0 |